Toronto Blue Jays Players - Sudden Death - Statistics

General Stats
  • This quiz has been taken 162 times
  • The average score is 11 of 18
Answers on the Grid
Answers color-coded by a green-red scale on the quiz's grid according to % correct below.
Alex Rodriguez
Bo Bichette
Brandon Phillips
Carlos Delgado
Chase Utley
Daulton Varsho
Dave Winfield
Derek Jeter
Edgar Martinez
Edwin Encarnacion
Felix Hernandez
George Bell
Joe Carter
John Olerud
Jose Bautista
Josh Donaldson
Kieth Hernandez
Kirby Puckett
Lloyd Moseby
Nolan Arenado
Paul Molitor
Pedro Martinez
Randy Johnson
Roberto Alomar
Roger Clemens
Roy Halladay
Russell Martin
Tony Fernandez
Tony Gwynn
Vladimir Guerrero Jr.
 
Answer Stats
Answer % Correct
Bo Bichette
96%
Daulton Varsho
84%
Vladimir Guerrero Jr.
78%
Joe Carter
77%
Jose Bautista
76%
Josh Donaldson
76%
Edwin Encarnacion
71%
Carlos Delgado
64%
George Bell
59%
Roger Clemens
58%
Roy Halladay
58%
Russell Martin
58%
Roberto Alomar
54%
John Olerud
50%
Tony Fernandez
49%
Dave Winfield
48%
Paul Molitor
48%
Lloyd Moseby
41%
No matching quizzes found
Score Distribution
Percent of People with Each Score
Percentile by Number Answered
Your Score History
You have not taken this quiz